000 00396pab a2200145 454500
008 180718b2001 xxu||||| |||| 00| 0 eng d
100 _aThakur, Y.S.
245 _aRestructuring management education for the new millennium
260 _c2001
300 _ap.238-44.
362 _aOct
650 _aManagement education
773 _aPrestige Journal of Management and Research
909 _a52454
999 _c52454
_d52454